| 000 | 00879nam a22002652 4500 | ||
|---|---|---|---|
| 001 | 33710 | ||
| 003 | BD-RjUL | ||
| 005 | 20211209052040.0 | ||
| 008 | 140511s1956 enk 001 0 eng | ||
| 035 | _a(BD-RjUL)33801 | ||
| 040 |
_aDLC _cCarP _dDLC _dBD-RjUL _beng |
||
| 041 | _aeng | ||
| 082 |
_a338.9 _bBEP 1956 |
||
| 100 | 1 |
_aBelshaw, Horace, _d1898-1962. _9102358 |
|
| 245 | 1 | 0 |
_aPopulation growth and levels of consumption : _bwith special reference to countries in Asia. / _c Horace Belshaw _nPart I : _pAspects of the population situation asian countries. |
| 260 |
_aLondon : _bAllen & Unwin, _c1956. |
||
| 300 |
_axxix, 223 p. ; _c23 cm. |
||
| 504 | _aIncludes index. | ||
| 650 | 0 |
_aPopulation. _9102359 |
|
| 650 | 0 |
_aEconomic development. _9102360 |
|
| 651 | 0 |
_aDeveloping countries. _9102361 |
|
| 942 |
_2ddc _cBK |
||
| 999 |
_c33710 _d33710 |
||